Groupes de musiques - Statistiques

Statistiques générales
  • Ce quiz a été pris 1 554 fois
  • Le résultat moyen est 9 sur 15
Statistiques - réponses
Hint Réponse % Correct
Dancing queen ABBA
93%
Don't stop me now Queen
91%
Viva la vida Coldplay
83%
Take on me A-ha
80%
Yesterday The Beatles
74%
Sunday bloody sunday U2
73%
TNT AC DC
58%
The House of the Rising sun The Animals
51%
Enter Sandman Metallica
48%
The man who sold the word Nirvana
48%
Thunder Imagine Dragons
47%
Story of my life One Direction
47%
No surprises Radiohead
47%
I wanna be yours Artic Monkeys
29%
C.R.E.A.M Wu-Tang Clan
11%
Aucun quiz correspondant
Distribution des résultats
% des personnes avec chaque résultat
Percentile par nombre de réponses
Votre historique - résultats
Vous n’avez pas pris ce quiz